000 00429nam a2200181Ia 4500
001 16693
005 20260306170329.0
008 260306t2012||||xx |||||||||||||| ||und||
041 _aESP
082 _a349.109
_bE86
100 _aEspitia Garzón, Fabio
_eAUT
245 0 _aHistoria del derecho romano
260 _c2012
300 _a829 páginas :
_c24 cm.
650 _aGEN
654 _aCDE
942 _cLIB
_dJUS
_fJUS
_2ddc
_n
999 _c16693
_d16693